Terebripora capillacea (Record no. 52944)
[ view plain ]
| 000 -LEADER | |
|---|---|
| campo de control de longitud fija | 00521nam a22001575i 4500 |
| 001 - NÚMERO DE CONTROL | |
| campo de control | 52944 |
| 003 - IDENTIFICADOR DE NÚMERO DE CONTROL | |
| campo de control | ES-MaACL |
| 007 - CAMPO FIJO DE DESCRIPCIÓN FÍSICA--INFORMACIÓN GENERAL | |
| campo de control de longitud fija | t| |
| 008 - DATOS DE LONGITUD FIJA--INFORMACIÓN GENERAL | |
| campo de control de longitud fija | 950905s1877 fr ||||1| fre d |
| 040 ## - FUENTE DE CATALOGACIÓN | |
| Centro catalogador/agencia de origen | CAM |
| Lengua de catalogación | spa |
| Centro/agencia transcriptor | CAM |
| 100 1# - ENTRADA PRINCIPAL--NOMBRE DE PERSONA | |
| Nombre de persona | Dollfus, Gustave-Frédéric. |
| 9 (RLIN) | 45032 |
| 245 10 - MENCIÓN DEL TÍTULO | |
| Título | Terebripora capillacea |
| Resto del título | : Bryozoaire nouveau du terrain dévonien du cotentin / |
| Mención de responsabilidad, etc. | par Gustave Dollfus. |
| 260 ## - PUBLICACIÓN, DISTRIBUCIÓN, ETC. | |
| Lugar de publicación, distribución, etc. | Caen : |
| Nombre del editor, distribuidor, etc. | [s.n.], |
| Fecha de publicación, distribución, etc. | 1877 ( |
| Fabricante | typ. F. le Blanc-Hardel) |
| 300 ## - DESCRIPCIÓN FÍSICA | |
| Extensión | 16 p., [1] h. de lám. ; |
| Dimensiones | 23 cm. |
| 852 ## - LOCALIZACIÓN | |
| Ubicación | ES-MaACL |
| Número de control de estantería | T-962-F-14 |
| Estatus retirado | Estado de pérdida | Estado de daño | No para préstamo | Colección | Biblioteca de origen | Biblioteca actual | Ubicación en estantería | Fecha de adquisición | Fuente de adquisición | Total de préstamos | Signatura topográfica completa | Código de barras | Visto por última vez | Precio de reemplazo | Tipo de ítem Koha |
|---|---|---|---|---|---|---|---|---|---|---|---|---|---|---|---|
| Colección de folletos | Biblioteca del Ateneo de Madrid | Biblioteca del Ateneo de Madrid | Depósito folletos | 17/01/2008 | T-962-F-14 | 1055638 | 23/02/2023 | 23/02/2023 | Folleto |
